000 00456nam a2200169 i 4500
001 47247
003 ES-MaACL
005 20230906161528.0
007 t|
008 030404s1970 sp ||||1| spa d
100 1 _aCoole, G.D.H.
_939563
245 1 0 _aControl socialista de la industria /
_cG. D. H. Coole.
260 _a[Algorta (Vizcaya) :
_bZero,
_c1970]
300 _a37 p. ;
_c17 cm.
852 _aES-MaACL
_j2073-F-4
_bR.74216
999 _c47247
_d47247